| 000 | 01228nac a22003491u 4500 | ||
|---|---|---|---|
| 003 | EG-ScBUE | ||
| 005 | 20220818100347.0 | ||
| 008 | 110508t2001 spaab f b 000 0 eng d | ||
| 020 | _a1874044376 (pbk.) | ||
| 020 | _a9781874044376 | ||
| 035 | _a(UkLWHE)b000113302 | ||
| 040 |
_aEG-ScBUE _beng _erda _cEG-ScBUE _dEG-ScBUE |
||
| 043 | _af-ua--- | ||
| 082 | 0 | 4 |
_a704.9489796202 _bMAM _222 |
| 245 | 0 | 0 |
_aMamluk art : _bthe splendour and magic of the Sultans / _cMuseum With No Frontiers. |
| 264 | 1 |
_a[Madrid?] : _bMuseum With No Frontiers, _c[2001] |
|
| 264 | 4 | _cc2001 | |
| 300 |
_a235 pages : _billustrations (chiefly color), maps (some color) ; _c22 cm |
||
| 336 |
_2rdacontent _atext _btxt |
||
| 337 |
_2rdamedia _aunmediated _bn |
||
| 338 |
_2rdacarrier _avolume _bnc |
||
| 504 | _aIncludes bibliographical references. | ||
| 650 | 7 |
_aArt, Mameluke _zEgypt _vGuidebooks. _2BUEsh _923666 |
|
| 650 | 7 |
_aArchitecture, Mameluke _zEgypt _vGuidebooks. _2BUEsh _923667 |
|
| 650 | 7 |
_aMamelukes. _923668 _2BUEsh |
|
| 651 | _2BUEsh | ||
| 653 | _bENGARC | ||
| 655 |
_vReading book _934232 |
||
| 710 | 2 |
_aMuseum With No Frontiers, _econtributor. _923669 |
|
| 942 |
_cBB _k704.9489796202 MAM _2ddc |
||
| 999 |
_c3014 _d3014 |
||